000 02149nam0a2200397 4500
001 RU\NLR\BIBL_A\011627603
005 20250626101543.0
020 _aRU
_b11846
_9Сводный каталог листовок первых лет Советской власти (25 октября (7 ноября) 1917 - 1925) Т.4 (Ч.3). Листовки советских, партийных, профсоюзных, комсомольских и других организаций губерний РСФСР
035 _a(NLR Aleph) 011627603
090 _a11016125
_c11016125
100 _a20180213d1920 |||y0rusy50 ca
101 0 _arus
102 _aRU
105 _ay z 000zy
135 _acrcn 024anaba
200 1 _aОбъявление, 18 мая 1920 г.: [Об очистке пастбищ
_eлистовка
_fОсташковский уезд. исполнительный комитет Советов]
210 _a[Осташков
_cб. и.
_d1920, май]
215 _a1 с.
_d14х16
300 _aПодпись: Коммунотдел
309 _aНапеч. на обороте билетов кинотеатра "Заря пролетариата" в Осташкове
325 _aКопия доступна в Электрон. б-ке РНБ
517 1 _aОб очистке пастбищ
607 _aРСФСР
_jЛистовки
_xПолитика и управление
_y1917 - 1925
_92312782
_3RU\NLR\auth\6601609564
686 0 _aТ3(2)71-313,011
686 0 _aТ3(2Р-8Тв)712-2,011
710 0 2 _aОсташковский уездный коммунальный отдел
_9594512
_3RU\NLR\AUTH\880466158
712 0 2 _4570
_aОсташковский уездный исполнительный комитет Советов
_9455263
_3RU\NLR\AUTH\880394567
852 0 0 _aNLR
_bФЛ
_j55/76
942 _cBOOK
980 _aNB
981 2 1 _a(21) Листовки
_b(21) Листовки 1920 года